<?xml version="1.0" encoding="UTF-8"?>
<record
    xmlns:xsi="http://www.w3.org/2001/XMLSchema-instance"
    xsi:schemaLocation="http://www.loc.gov/MARC21/slim http://www.loc.gov/standards/marcxml/schema/MARC21slim.xsd"
    xmlns="http://www.loc.gov/MARC21/slim">

  <leader>02123nam a2200289Ia 4500</leader>
  <controlfield tag="001">H5612</controlfield>
  <controlfield tag="003">IT-RoPAU</controlfield>
  <controlfield tag="008">130308s9999    xx            000 0 und d</controlfield>
  <datafield tag="040" ind1=" " ind2=" ">
    <subfield code="a">IT-RoPAU</subfield>
  </datafield>
  <datafield tag="040" ind1=" " ind2=" ">
    <subfield code="c">IT-RoPAU</subfield>
  </datafield>
  <datafield tag="041" ind1=" " ind2=" ">
    <subfield code="a">ITALIANO</subfield>
  </datafield>
  <datafield tag="100" ind1=" " ind2=" ">
    <subfield code="a">Fabbri Paolo</subfield>
  </datafield>
  <datafield tag="100" ind1=" " ind2=" ">
    <subfield code="g">Codice Aut. SPICS:  9716</subfield>
  </datafield>
  <datafield tag="245" ind1=" " ind2=" ">
    <subfield code="a">Segni del tempo. Un lessico politicamente scorretto</subfield>
  </datafield>
  <datafield tag="245" ind1=" " ind2=" ">
    <subfield code="b">Segni del Tempo. Un Lessico politicamente Scorretto</subfield>
  </datafield>
  <datafield tag="250" ind1=" " ind2=" ">
    <subfield code="a">1a ed.</subfield>
  </datafield>
  <datafield tag="260" ind1=" " ind2=" ">
    <subfield code="a">ROMA</subfield>
  </datafield>
  <datafield tag="260" ind1=" " ind2=" ">
    <subfield code="b">Meltemi</subfield>
  </datafield>
  <datafield tag="260" ind1=" " ind2=" ">
    <subfield code="c">2004 [1&#xB0; Ed.:2004 - Ed.Ling.Originale:2004]</subfield>
  </datafield>
  <datafield tag="300" ind1=" " ind2=" ">
    <subfield code="a">"262 p. (prefazione: no ; testo: 262 [pagine: 0-0])"</subfield>
  </datafield>
  <datafield tag="500" ind1=" " ind2=" ">
    <subfield code="a">Presentazione. Abiura. Agenda. Agnostico. Allergia. Anima. Antisemita. Apocalisse. Arcobaleno. Arma. Assolutamente. Attivista. Audience. Auto. Avventuristico. Azienda. Badante. Bandiera. Bestia. Blasone. Blindato. Bomba. Brigata. Calendario. Cavaliere. Cecchino. Chiaramente. Clandestino. Clerico , Catto . Combattimento. Competitivit&#xE0;. Comunicatore. Condono. Corruzione. Cosmopolitica. Crociata. Declino. Demonizzazione. Devolution. Dialogo. Disinformazione. Domani. Eccellenza. Embrione. Emergenza. Emozione. Esperto. Estremista. Extra Comunitario. Fatto. Feticcio. Fiducia. Flessibilit&#xE0;. Fluido. French. Fusion. Futuro. Gay. Gioco. Governance. Guastafeste. Guerra. Iconoclastia. Identit&#xE0;. Imbarazzo. Immunit&#xE0;. Impronta. Indignazione. Inglese.Intercettazione. Interesse. Kamikaze. Lessico. Libert&#xE0;. Lodi. Logistica. Marionetta. Memoria. Miracolo. Moderato. Moneta. Muro. News. Noi (E Loro). Obesit&#xE0;. Odio. Ostaggio. Pace. Pamphlet. Parola. Parolaccia. Patria. Performante. Persecuzione. Politica. Pololo. Post Umano. Povero. Precauzione. Progetto. Promessa. Propaganda. Protezione. Punteggiatura. Quadra. Reality. Religione. Resistenza. Ricerca. Riformista. Risorsa. Ritirista. Rosario. Rumore. Saggio. Satira. Scoria. Simbolo. Sondaggio. Spia. Statista. Stile. Strumentalizzazione. Tecnologia. Terrorista. Uniforme. Velo. Voto. Zero.....</subfield>
  </datafield>
  <datafield tag="650" ind1=" " ind2=" ">
    <subfield code="a">SAGGI DI SEMIOLOGIA</subfield>
  </datafield>
  <datafield tag="650" ind1=" " ind2=" ">
    <subfield code="e">Codice materia Spics: 3257</subfield>
  </datafield>
  <datafield tag="942" ind1=" " ind2=" ">
    <subfield code="c">BK</subfield>
  </datafield>
  <datafield tag="957" ind1=" " ind2=" ">
    <subfield code="7">1</subfield>
  </datafield>
  <datafield tag="999" ind1=" " ind2=" ">
    <subfield code="c">88277</subfield>
    <subfield code="d">88277</subfield>
  </datafield>
  <datafield tag="999" ind1=" " ind2=" ">
    <subfield code="g">1</subfield>
  </datafield>
  <datafield tag="952" ind1=" " ind2=" ">
    <subfield code="0">0</subfield>
    <subfield code="1">0</subfield>
    <subfield code="4">0</subfield>
    <subfield code="6">H_000000000000000_5612</subfield>
    <subfield code="7">1</subfield>
    <subfield code="a">SPICS</subfield>
    <subfield code="b">SPICS</subfield>
    <subfield code="d">2013-03-08</subfield>
    <subfield code="l">0</subfield>
    <subfield code="o">H5612</subfield>
    <subfield code="r">2013-03-08 00:00:00</subfield>
    <subfield code="w">2013-03-08</subfield>
    <subfield code="y">BK</subfield>
    <subfield code="z">Progressivo inserimento:  6805 /  N. Volumi: 1 Copie: 1  / data import: 1 marzo 2013 - By Epidotti, Trombetti, Vaglietti. </subfield>
  </datafield>
</record>
